International Finance and the Developing Economies (Record no. 16711)
[ view plain ]
| 000 -LEADER | |
|---|---|
| fixed length control field | 00513nam a22001937a 4500 |
| 003 - CONTROL NUMBER IDENTIFIER | |
| control field | OSt |
| 005 - DATE AND TIME OF LATEST TRANSACTION | |
| control field | 20180316160412.0 |
| 008 - FIXED-LENGTH DATA ELEMENTS--GENERAL INFORMATION | |
| fixed length control field | 180316b xxu||||| |||| 00| 0 eng d |
| 020 ## - INTERNATIONAL STANDARD BOOK NUMBER | |
| International Standard Book Number | 9780333733974 |
| 040 ## - CATALOGING SOURCE | |
| Transcribing agency | kabu |
| 050 ## - LIBRARY OF CONGRESS CALL NUMBER | |
| Classification number | HG 3881 |
| Item number | .B57 C.1 |
| 100 ## - MAIN ENTRY--PERSONAL NAME | |
| Personal name | Bird, Graham |
| 245 ## - TITLE STATEMENT | |
| Title | International Finance and the Developing Economies |
| Statement of responsibility, etc. | Graham Bird |
| 260 ## - PUBLICATION, DISTRIBUTION, ETC. (IMPRINT) | |
| Place of publication, distribution, etc. | U.K |
| Name of publisher, distributor, etc. | Palgrave Macmillan |
| 300 ## - PHYSICAL DESCRIPTION | |
| Extent | ix, 317p. |
| 650 ## - SUBJECT ADDED ENTRY--TOPICAL TERM | |
| Topical term or geographic name as entry element | International finance |
| 650 ## - SUBJECT ADDED ENTRY--TOPICAL TERM | |
| Topical term or geographic name as entry element | Macroeconomics |
| 942 ## - ADDED ENTRY ELEMENTS (KOHA) | |
| Source of classification or shelving scheme | Library of Congress Classification |
| Koha item type | General Collection |
| Withdrawn status | Lost status | Source of classification or shelving scheme | Not for loan | Home library | Current library | Date acquired | Inventory number | Total Checkouts | Full call number | Barcode | Date last seen | Copy number | Price effective from | Koha item type | Total Renewals | Date last checked out |
|---|---|---|---|---|---|---|---|---|---|---|---|---|---|---|---|---|
| Library of Congress Classification | Kabarak, Main Campus | Kabarak, Main Campus | 16/03/2018 | 2018/2133 | HG 3881 .B57 C.1 | 024771 | 16/03/2018 | C. 1 | 16/03/2018 | General Collection | ||||||
| Library of Congress Classification | Kabarak, Main Campus | Kabarak, Main Campus | 16/03/2018 | 2018/2134 | 1 | HG 3881 .B57 C.2 | 024772 | 30/07/2021 | C. 2 | 16/03/2018 | General Collection | 1 | 30/06/2021 |